000 00689nam a2200217Ia 4500
003 GCL
008 140319s9999 xx 000 0 ara d
020 _a2357215977
040 _aGCL /
_cGCL
082 0 4 _a251.12
_bع س
100 1 _aعبدالحليم محمود
245 1 0 _aالسنة فى مكانتها وفى تاريخها /
_cعبدالحليم محمود
250 _aالاولى
300 _a111 ص ؛
_c19 سم
650 0 4 _aالسيرة النبوية
650 0 4 _aالفقه الاسلامى
650 0 4 _aالحديث، علوم
650 0 4 _aالفقه الاسلامى، اصول
650 0 4 _aالسنة - روايتها واقسامها
942 _2ddc
_cBK
999 _c4872
_d4872